000 00474nam a2200193 a 4500
001 1761205392578
003 ACL
005 20251023131506.0
008 251023s2002##################000#0#eng##
020 _a9780793148370
082 0 4 _a658.575
_bSTR
100 1 _aStrauss, Steven D.,
_eauthor.
245 1 0 _aThe Big Idea :
260 _bKaplan Business,
_c2002.
300 _a229 pages
650 0 _aBusiness & Economics.
942 _cENGLISH
040 _aACL
_beng
_cACL
999 _c592873
_d592873